000 01050 a2200241 4500
005 20081106120843.0
008 081106t xxu||||| |||| 00| 0 ur d
010 _aUR-7338
020 _a8182232961
_c200.00
035 _aU-5893
037 _bD.B.Act / Pub
082 _a840.92
100 _aمحمد لطيف اللہ خان
245 _cمحمد لطيف اللہ خا ن
_aتما شا ۓ اہل قلم ‎‎
246 _aTamashae Ahl-E- Qalam
_bMohd Lateef -ul- lah Khan
260 _aدھلی
_bايجو کيشنل پبليشنگ ہا ؤس
_c2007
270 _a3108،وکيل اسٹر يٹ کو چہ پنڈ ت لال کنو اں
_bدھلی
_e110006
_k23216162
_l009101123211540
_minfo@phbooks.com,ephdelhi@yahoo.com
300 _a267p
_c22cm (Pbk)
650 _aLiterature
650 _aلٹر يچر
942 _adpl
_cUR
_2ddc
_h840.92
_mم ح م
999 _c5272
_d5272